[Event "Quebec op U2000"]
[Site "Montreal"]
[Date "2008.08.19"]
[Round "1"]
[White "Shah, Omaray M"]
[Black "Morin Venegas, Mario"]
[Result "1-0"]
[WhiteElo "1904"]
[BlackElo "1700"]
[PlyCount "41"]
[EventDate "2008.07.19"]
[EventType "swiss"]
[EventRounds "8"]
[EventCountry "CAN"]
[SourceTitle "EXT 2022"]
[Source "ChessBase"]
[SourceDate "2021.10.06"]
[SourceVersion "1"]
[SourceVersionDate "2021.10.06"]
[SourceQuality "1"]

1. e4 e5 2. Nf3 Nc6 3. d4 exd4 4. Nxd4 Bc5 5. Be3 Qe7 6. Nc3 Nxd4 7. Bxd4 Nf6 8. Be2 c6 9. e5 Nd5 10. Nxd5 cxd5 11. Bc3 Qh4 12. 0-0 d4 13. g3 Qe4 14. Bf3 Qf5 15. Bd2 0-0 16. Re1 d3 17. c3 Re8 18. Bf4 Qe6 19. Qxd3 Qb6 20. Re2 d6 21. b4 1-0